[Event "GRENKE Chess Classic"]
[Site "Karlsruhe GER"]
[Date "2017.04.16"]
[EventDate "2017.04.13"]
[Round "2"]
[Result "0-1"]
[White "Georg Meier"]
[Black "Yifan Hou"]
[WhiteElo "2621"]
[BlackElo "2649"]
[PlyCount "68"]

1. d4 Nf6 2. c4 e6 3. g3 d5 4. Bg2 Bb4+ 5. Nd2 O-O 6. Ngf3 b6
7. O-O Bb7 8. b3 Nbd7 9. Bb2 Qe7 10. Ne5 Rfd8 11. Nd3 Bd6
12. e3 Rab8 13. Rc1 Ne4 14. cxd5 exd5 15. Re1 c5 16. dxc5 bxc5
17. Qc2 Rbc8 18. Nf4 Nef6 19. Nc4 Bc7 20. Red1 Bxf4 21. exf4
Ba8 22. Ne3 Qe6 23. Nf5 Re8 24. h3 d4 25. Bxa8 Rxa8 26. b4
Rac8 27. Qb1 Ne4 28. g4 g6 29. Nh4 Nxf2 30. Kxf2 Qe2+ 31. Kg1
Re3 32. Qc2 Rg3+ 33. Kh1 Rxh3+ 34. Kg1 Qe3+ 0-1